| 000 | 01142nab a2200301 u 4500 | ||
|---|---|---|---|
| 001 | 02914 | ||
| 003 | HDC | ||
| 007 | cr bn --- | ||
| 008 | 201224p2014dec my n |0 eng | ||
| 022 | _a2289-8018 | ||
| 040 | _aHDC | ||
| 100 |
_aNorazah Mohd Suki _eauthor _91357 |
||
| 245 | 0 |
_aMeasuring Muslim Consumers' Decision to Patronize Halal Stores: _bSome Insights from Malaysia _cNorazah Mohd Suki, Abang Sulaiman Abang Salleh, and Norbayah Mohd Suki |
|
| 260 |
_aMalaysia: _b[publisher not identified], _c2014 |
||
| 300 | _a1 online resource (12pages) | ||
| 336 |
_atext _2rdacontent |
||
| 337 |
_acomputer _2rdamedia |
||
| 338 |
_aonline resource _2rdacarrier |
||
| 650 |
_aHalal image _91359 |
||
| 650 |
_aHalal industry _xReligious aspects _91358 |
||
| 650 |
_aHalal industry _zMalaysia _9204 |
||
| 700 |
_aAbang Sulaiman Abang Salleh _eauthor _91360 |
||
| 700 |
_aNorbayah Mohd Suki _eauthor _91361 |
||
| 856 | _zRequest full-text at [email protected] | ||
| 942 | _2lcc | ||
| 942 | _cAR | ||
| 942 | _kJART 002085 | ||
| 999 |
_c300 _d300 |
||